| 000 | 00458nam a2200145 a 4500 | ||
|---|---|---|---|
| 001 | 000046043 | ||
| 005 | 20201002052612.0 | ||
| 008 | 150612s1961 nyu 000 0 spa d | ||
| 040 |
_aDO-SdBNP _bspa _cBNPHU |
||
| 082 |
_axxxx _bxxxx |
||
| 100 | 1 |
_aBallester, César Vinicio, _974119 |
|
| 245 | 1 | 4 |
_aLos patriotas : _bdrama dominicano / _cCésar Vinicio Ballester. |
| 260 |
_aNew York, N. Y. : _bSpanish-American Print. Co., _c1961. |
||
| 300 |
_a61 pages ; _c20 cm. |
||
| 999 |
_c45532 _d45532 |
||